000 00876nam a22002891i 4500
001 134129
003 ES-MaACL
005 20250815113537.0
007 t|
008 070905s1976 sp ||||0| spa d
016 7 _zIND2000943593
040 _aM-BN
_bspa
_cCDM
080 _a541.124
100 1 _aWeston, Ralph E.
_9116579
245 1 0 _aCinética química /
_cRalph E. Weston, J. R., Marold A. Schwarz ; versión [del inglés] de Carlos Menduiña Fernández...
250 _a1ª ed.
260 _aMadrid :
_bAlhambra,
_c1976.
300 _a340 p. :
_bil. ;
_c20 cm.
490 1 _aExedra
504 _aReferencias bibliográficas e índice.
650 1 7 _aReacciones químicas
_2embne
_916682
700 1 _aSchwarz, Harold A.
_9104881
830 0 _aExedra
_9177436
852 _aES-MaACL
_jA-6374
_bR.95314
999 _c134129
_d134129